| 000 | 00793nam a2200229 a 4500 | ||
|---|---|---|---|
| 005 | 20240806064147.0 | ||
| 008 | 030226s2002 mx r 000 0 spa d | ||
| 020 | _a9501235696 | ||
| 035 | _aUPN01000122208 | ||
| 049 | _aCG | ||
| 050 | 4 |
_aHQ755.85 _bM3.68 |
|
| 100 | 1 | _aMathelin, Catherine | |
| 245 | 1 | 1 |
_a¿Qué le hemos hecho a Freud para tener semejantes hijos? : _bnotas a los padres apasionados por el psicoanálisis / _cCatherine Mathelin ; tr. Virginia Gallo. |
| 260 |
_aBarcelona : _bPaidós, _c2002. |
||
| 300 | _a194 p. | ||
| 440 | 0 |
_aGuía para padres ; _v69 |
|
| 534 |
_pTraducción de: _tQu´est-ce qu´on a fait a Freud pour avoir des enfants pareils? |
||
| 650 | 0 |
_aRelación padres-hijos _91359 |
|
| 650 | 4 |
_aPsicoanálisis _91572 |
|
| 905 | _aLibro | ||
| 999 |
_c94405 _d94405 |
||